000 00352 a2200157 4500
001 65695
020 _a9781405869775
040 _cAnchieta - Pituba
100 _aHealey, Phil
240 1 0 _aStranger than fiction
_lpor
245 1 0 _aStranger than fiction
300 _a40
362 0 _a2008
650 4 _aLiteratura juvenil em inglês
942 _cBK
999 _c65695
_d65695